000
00310nam a22001217a 4500
008
230629b xxu||||| |||| 00| 0 eng d
082
_a
333.7
_b
UNP
100
_c
UNP
245
_a
Report of the United Nations Conference on Environment and Development
260
_b
UN
_c
1992
300
_a
254p
942
_2
ddc
_c
BK
999
_c
2941
_d
2941